000 01200nam a2200349Ia 4500
005 20250117103609.0
008 008 250103s9999 xx 000 0 eng d
020 _a9781292077406
037 _aTextual
040 _aCSL
_beng
_cCSL
041 _aeng
_2eng
084 _aG:5 P6;Q5;8-;12 TK
_qCSL
100 _aSmith, Thomas M.
245 0 _aElements of ecology
_cSmith, Thomas M.; Smith, Robert leo
250 _a9th
260 _aHarlow
_bPearson England
_c2015
300 _a704p. Col.ill.
650 _a Animal require oxygen to release energy contained in food
_9734113
650 _a Aquatic environment
_9734114
650 _a Community dynamics
_9734115
650 _a Life on land imposes uniques constraints
_9734116
650 _a Models provide a basis for predictions
_9734117
650 _a Nature of ecology
_9734118
650 _a Organism and its environment
_9734119
650 _a Parasitism and mutualism
_9734120
650 _a Predation
_9734121
650 _a Water has important physical properties
_9734122
650 _aZoology
700 _a Smith, Robert leo
942 _cTEXL
_hG:5 P6;Q5;8-;12 TK
999 _c1237837
_d1237837